[Event "Olympiad Women 2024"]
[Site "Budapest HUN"]
[Date "2024.09.20"]
[Round "9.5"]
[Board "1"]
[White "Daulyte-Cornette, Deimante"]
[Black "Dzagnidze, Nana"]
[Result "0-1"]
[WhiteElo "2369"]
[BlackElo "2508"]
[PlyCount "124"]
[EventDate "2024.09.11"]
[WhiteTeam "France"]
[BlackTeam "Georgia"]
[WhiteTeamCountry "FRA"]
[BlackTeamCountry "GEO"]

1. e4 e6 2. d4 d5 3. Nd2 c5 4. Ngf3 cxd4 5. exd5 Qxd5 6. Bc4 Qd6 7. O-O Nf6 8. Nb3 Nc6 9. Nbxd4 Nxd4 10. Nxd4 Be7 11. b3 O-O 12. Bb2 Bd7 ({RR} 12... Qf4 13. Qf3 Qxf3 14. Nxf3 b6 15. a4 Bb7 16. a5 Be4 17. Rfc1 Rad8 18. Ne1 Bg6 19. Bd3 Ne4 20. Kf1 Rd7 21. f3 Bf6 22. Bxf6 Nxf6 23. Bxg6 hxg6 24. axb6 axb6 25. Rd1 Rc7 26. Rd6 Rb8 27. Ra6 {1-0 Adams,M (2694)-Andreikin,D (2741) EU-chT 22nd Batumi 2019 (8.1)}) 13. Qf3 Qc7 14. Rfe1 ({RR} 14. Rad1 Rad8 15. a4 a6 16. Rfe1 Bb4 17. Rf1 Bc8 18. Ne2 Be7 19. h3 b5 20. axb5 axb5 21. Bd3 b4 22. Qg3 Qxg3 23. Nxg3 Nd5 24. Ne2 Bb7 25. Ra1 Bc5 26. Rfd1 Ra8 27. Rxa8 Rxa8 28. Ra1 Rd8 {½-½ Kazakov,K (2333)-Aitbayev,A (2380) FIDE World Rapid Team 2024 (11.1)}) 14... Bd6 $146 ({RR} 14... Rfe8 15. Nb5 Qb6 16. a4 a6 17. Nd4 Bc5 18. Qf4 e5 {½-½ Pierrot,J (2444)-Mellano,S (2226) Mar del Plata op 43rd 2012 (5)}) ({RR} 14... Bb4 15. Re2 a6 16. Bd3 Rac8 17. c4 Rfe8 18. Nc2 Be7 19. Be5 Qc6 20. Qh3 h6 21. Re3 Kf8 22. Rae1 Red8 23. g4 Ne8 24. Rf3 Qb6 25. Nd4 Rc5 26. Nc2 Rcc8 27. Nd4 Rc5 28. Nc2 Rcc8 29. Bd4 {½-½ Kanarek,M (2509)-Shvayger,Y (2434) Warsaw Najdorf Memorial op-A 15th 2017 (7)}) 15. Nb5 Bxb5 16. Bxb5 Bxh2+ 17. Kh1 Bf4 18. Bd3 Rfd8 19. g3 Bg5 20. Re5 h6 21. Rae1 Ne8 22. Rxg5 hxg5 23. Re5 Qe7 24. Rb5 Rd7 25. Qh5 Rxd3 26. cxd3 f6 27. Qf3 Rb8 28. d4 Qd7 29. Rc5 Nc7 30. Kg2 Nd5 31. Rc1 Rc8 32. Rxc8+ Qxc8 33. Qh5 Ne7 34. Kg1 Qc6 35. Qe2 Nf5 36. Qh5 a6 37. Qg6 Ne7 38. Qh5 Qd7 39. Qf3 Kf7 40. Qh5+ Ng6 41. Qe2 Qc6 42. Ba3 f5 43. Bc5 g4 44. Qd2 Qf3 45. Qa5 f4 46. Qc7+ Kf6 47. Bd6 Qd1+ 48. Kh2 Qxd4 49. Bc5 fxg3+ 50. fxg3 Qd2+ 51. Kg1 Qd1+ 52. Kf2 Qd2+ 53. Kf1 Ne5 54. Qe7+ Kf5 55. Bf2 Qd1+ 56. Kg2 Qd5+ 57. Kf1 Ke4 58. Qxg7 Kd3 59. Qh8 Kc2 60. Qh6 Nd3 61. Qf6 Qh1+ 62. Bg1 Qh3+ 0-1

[Event "Olympiad Women 2024"]
[Site "Budapest HUN"]
[Date "2024.09.20"]
[Round "9.5"]
[Board "2"]
[White "Javakhishvili, Lela"]
[Black "Milliet, Sophie"]
[Result "1/2-1/2"]
[WhiteElo "2446"]
[BlackElo "2348"]
[PlyCount "72"]
[EventDate "2024.09.11"]
[WhiteTeam "Georgia"]
[BlackTeam "France"]
[WhiteTeamCountry "GEO"]
[BlackTeamCountry "FRA"]

1. d4 Nf6 2. Nf3 d5 3. e3 a6 4. Nbd2 Bf5 5. c4 c6 6. Qb3 Qc7 7. Nh4 Bg6 8. Nxg6 ({RR} 8. g3 e6 9. Bg2 Be7 10. Nxg6 hxg6 11. e4 dxe4 12. Nxe4 Nxe4 13. Bxe4 Nd7 14. Be3 O-O 15. O-O a5 16. Rac1 Nf6 17. Bg2 a4 18. Qc2 Qa5 19. h3 Rfd8 20. Rfd1 Rac8 21. Qe2 Rd7 22. Rd3 Rcd8 {1-0 Turner,M (2257)-Nicholson,J (1968) Hull 4NCL Congress 2024 (3.3)}) 8... hxg6 9. g3 Nbd7 10. cxd5 $146 ({RR} 10. Bg2 e6 11. O-O b5 12. cxd5 cxd5 13. e4 Nb6 14. e5 Nfd7 15. Nf3 Qc4 16. Qe3 Be7 17. Qf4 Qc2 18. g4 f5 19. exf6 gxf6 20. Re1 g5 21. Qe3 Nf8 22. b3 Qc7 23. Qe2 Qd6 24. h3 Bd8 {1-0 Spacek,O (2190)-Horvath,M (2203) SVK-chT 1819 2018 (6.6)}) 10... cxd5 11. Bg2 e6 12. O-O Be7 13. e4 Nb6 14. a4 a5 15. h4 O-O 16. e5 Nfd7 17. Qd1 Rfc8 18. h5 gxh5 19. Qxh5 Qc2 20. Bf3 Nf8 21. Bd1 Qg6 22. Qe2 Nh7 23. Kg2 Rc6 24. Rh1 Ng5 25. Bb3 Rac8 26. Nf3 Qe4 27. Qxe4 Nxe4 28. Bf4 Nc4 29. Rh5 g6 30. Rh2 g5 31. Rah1 gxf4 32. Rh8+ Kg7 33. R8h7+ Kf8 34. Rh8+ Kg7 35. R8h7+ Kf8 36. Rh8+ Kg7 1/2-1/2

[Event "Olympiad Women 2024"]
[Site "Budapest HUN"]
[Date "2024.09.20"]
[Round "9.5"]
[Board "3"]
[White "Hejazipour, Mitra"]
[Black "Batsiashvili, Nino"]
[Result "0-1"]
[WhiteElo "2327"]
[BlackElo "2461"]
[PlyCount "102"]
[EventDate "2024.09.11"]
[WhiteTeam "France"]
[BlackTeam "Georgia"]
[WhiteTeamCountry "FRA"]
[BlackTeamCountry "GEO"]

1. c4 Nf6 2. Nf3 e6 3. g3 b6 4. Bg2 Bb7 5. d4 Be7 6. Nc3 Ne4 7. Qc2 Nxc3 8. Qxc3 d6 ({RR} 8... O-O 9. Qc2 Nc6 10. O-O Nb4 11. Qd2 c5 12. b3 Bf6 13. Bb2 Qe7 14. Rad1 Rfd8 15. a3 Na6 16. d5 d6 17. Bxf6 Qxf6 18. Ng5 exd5 19. Bxd5 Bxd5 20. Qxd5 Nc7 21. Qb7 Qxg5 22. Qxc7 Qg4 23. Rfe1 {½-½ Bronstein,D (2560)-Gulko,B (2585) Keres Memorial-01 1977 (7)}) ({RR} 8... a5 9. O-O O-O 10. Qc2 d6 11. Ng5 Bxg5 12. Bxb7 Ra7 13. Bg2 c6 14. Rd1 d5 15. h4 Bxc1 16. Raxc1 f5 17. e3 g5 18. hxg5 Qxg5 19. Kf1 h5 20. Ke2 Rh7 21. Rh1 h4 22. gxh4 Rxh4 23. Rxh4 {0-1 Hejazipour,M (2285)-Rapport,J (2354) Abu Dhabi op 25th 2018 (2)}) 9. O-O Nd7 10. Rd1 ({RR} 10. Re1 f5 11. Qe3 Be4 12. Nd2 Bxg2 13. Kxg2 e5 14. Qf3 O-O 15. Qd5+ Kh8 16. e3 Rc8 17. b3 c6 18. Qf3 e4 19. Qe2 d5 20. Bb2 Bd6 21. Rac1 Qg5 22. cxd5 cxd5 23. Rxc8 Rxc8 24. Rc1 Rf8 {0-1 Kshirsagar,P (1937)-Terlouw,W (1959) 14th WLC Weekender 2024 (3.9)}) 10... a5 $146 ({RR} 10... Be4 11. Bf4 O-O 12. Rac1 Qe8 13. Qe3 Nf6 14. Bh3 Bc6 15. Rd2 Bd7 16. Qd3 Nh5 17. e4 Nxf4 18. gxf4 a5 19. b3 f5 20. e5 Qg6+ 21. Bg2 Qh6 22. Qe3 Rad8 23. Rcd1 Be8 24. exd6 Rxd6 25. Ng5 {1-0 Prokopisin,V (2355)-Muller,W Gyongyos op 1994}) 11. Bf4 O-O 12. Qc2 Nf6 13. Ne1 Bxg2 14. Nxg2 c6 15. e4 Nd7 16. Rac1 Rc8 17. Qb3 Re8 18. h4 Bf8 19. Qd3 e5 20. dxe5 Nxe5 21. Qc3 Qf6 22. Ne1 Qg6 23. Qc2 Qe6 24. f3 Ng6 25. Ng2 d5 26. cxd5 cxd5 27. exd5 Rxc2 28. dxe6 Bc5+ 29. Kh1 Rxb2 30. exf7+ Kxf7 31. Rd2 Re2 32. Rxe2 Rxe2 33. a4 h5 34. Bc7 Rf2 35. Rb1 Rxf3 36. Bxb6 Bxb6 37. Rxb6 Rxg3 38. Rb5 Nxh4 39. Nf4 Nf3 40. Ne2 Rg5 41. Rb3 Nd2 42. Rd3 Ne4 43. Rd4 Nf6 44. Kh2 Rg4 45. Rxg4 Nxg4+ 46. Kg3 g5 47. Kf3 Kg6 48. Nd4 Ne5+ 49. Ke4 Nc4 50. Kf3 Kf6 51. Nc6 Ne5+ 0-1

[Event "Olympiad Women 2024"]
[Site "Budapest HUN"]
[Date "2024.09.20"]
[Round "9.5"]
[Board "4"]
[White "Khotenashvili, Bella"]
[Black "Benmesbah, Natacha"]
[Result "1-0"]
[WhiteElo "2432"]
[BlackElo "2258"]
[PlyCount "83"]
[EventDate "2024.09.11"]
[WhiteTeam "Georgia"]
[BlackTeam "France"]
[WhiteTeamCountry "GEO"]
[BlackTeamCountry "FRA"]

1. d4 Nf6 2. c4 g6 3. Nc3 Bg7 4. e4 d6 5. h3 e5 6. d5 a5 7. Bg5 Na6 8. Bd3 Nc5 9. Bc2 Bd7 10. Nge2 ({RR} 10. Qd2 Qb8 11. Rb1 O-O 12. Nge2 c6 13. O-O cxd5 14. cxd5 b5 15. b4 axb4 16. Rxb4 Na6 17. Rb2 b4 18. Nd1 Bb5 19. f3 Nd7 20. Bd3 Bxd3 21. Qxd3 f5 22. Be3 Ndc5 23. Qb1 fxe4 24. fxe4 Rxf1+ {0-1 Schwarz,D (2294)-Lanc,A (2248) ECo-C TCh-SVK 2023-24 (11.5)}) 10... h6 $146 ({RR} 10... b6 11. O-O h6 12. Be3 g5 13. f3 Nh5 14. Bxc5 bxc5 15. Ba4 Bf6 16. g3 Bxa4 17. Qxa4+ Qd7 18. a3 Qxa4 19. Nxa4 Rb8 20. Kf2 Kd7 21. Rfb1 Be7 22. Nac3 Rb7 23. Nb5 Nf6 24. g4 h5 25. Ng3 {1-0 L'Ami,A (2289)-Ni,V (2147) Panevezys Lady and Chess 2007 (3)}) ({RR} 10... c6 11. Ng3 O-O 12. O-O cxd5 13. exd5 Qb6 14. b3 Kh8 15. Be3 Qc7 16. f4 exf4 17. Rxf4 Ng8 18. Bd4 f5 19. Bxg7+ Kxg7 20. Qd4+ Nf6 21. Re1 Rae8 22. Rxe8 Bxe8 23. Bxf5 gxf5 24. Nxf5+ Kg8 25. g4 {1-0 Narayanan,S (2663)-Urazayev,A (2458) 19th Asian Continental 2022 (3.7)}) ({RR} 10... O-O 11. O-O c6 12. a3 cxd5 13. Nxd5 Bc6 14. Rb1 Bxd5 15. exd5 a4 16. Nc3 Qa5 17. Qf3 Qd8 18. Rbe1 h6 19. Bh4 Ra6 20. Re2 Qe7 21. Qe3 Qd8 22. Qf3 Qe7 23. Qe3 Qd8 24. Qf3 {½-½ Zhou,J (2617)-Zapata,A (2430) Charlotte op 2018 (2)}) 11. Be3 O-O 12. g4 c6 13. Ng3 Qc7 14. Qd2 Kh7 15. f3 Na6 16. h4 Ne8 17. Rc1 Nc5 18. Rd1 Bc8 19. a3 a4 20. h5 g5 21. Bxc5 dxc5 22. d6 Qd7 23. Nxa4 Rxa4 24. Bxa4 Nf6 25. b4 b5 26. Bb3 Qa7 27. Qc3 Qxa3 28. Ra1 cxb4 29. Rxa3 bxc3 30. c5 Nd7 31. Bc2 Nxc5 32. Rxc3 Ne6 33. Rxc6 Nd4 34. Rc7 Nxf3+ 35. Kf2 Bxg4 36. Nf5 Bf6 37. Ne3 Bd8 38. Nxg4 Bxc7 39. dxc7 Nd4 40. Bd3 Kg7 41. Rc1 Rc8 42. Ne3 1-0

[Event "Olympiad Women 2024"]
[Site "Budapest HUN"]
[Date "2024.09.20"]
[Round "9.6"]
[Board "1"]
[White "Zhu, Jiner"]
[Black "Atalik, Ekaterina"]
[Result "1-0"]
[WhiteElo "2487"]
[BlackElo "2381"]
[PlyCount "115"]
[EventDate "2024.09.11"]
[WhiteTeam "China"]
[BlackTeam "Turkiye"]
[WhiteTeamCountry "CHN"]

1. e4 c6 2. d4 d5 3. Nc3 dxe4 4. Nxe4 Nf6 5. Nxf6+ exf6 6. Be3 Bd6 7. Bd3 O-O 8. Ne2 Re8 9. c4 Nd7 10. Qc2 Nf8 11. O-O Bg4 12. Nc3 $146 ({RR} 12. Ng3 Qc7 13. Qd2 Rad8 14. Rfe1 h5 15. Nf1 h4 16. h3 Bh5 17. Rac1 Qd7 18. Qa5 Bg6 19. Red1 b6 20. Qc3 Bb8 21. b3 Bh5 22. Rd2 Ng6 23. Bxg6 fxg6 24. c5 b5 25. d5 Be5 26. Qa5 cxd5 {½-½ Song,R (2512)-Pham Le Thao Nguyen (2370) 29th Abu Dhabi Masters 2023 (2.35)}) ({RR} 12. Rfe1 Qc7 {½-½ Borkovec,M (2170)-Zeman,M (2308) Ceske Budejovice Open 2024 (7.1)}) ({RR} 12. Rfe1 Bh5 13. Ng3 Bg6 14. Rad1 Qc7 15. a3 Rad8 16. Nf1 Ne6 17. Bxg6 hxg6 18. Qc3 f5 19. d5 Nc5 20. f3 cxd5 21. Rxd5 b6 22. Bf2 Rxe1 23. Qxe1 Nd3 24. Rxd3 Bxh2+ 25. Nxh2 Rxd3 26. Qc1 Qd7 {½-½ Kokarev,D (2579)-Ignatiev,A (1963) VN Startsev Mem Rapid 2024 (2.2)}) 12... Bh5 13. Rfe1 Qc7 14. g3 Bb4 15. a3 Bxc3 16. Qxc3 Rad8 17. Bf1 Ne6 18. Bg2 Ng5 19. Bf4 Qd7 20. Bxg5 fxg5 21. b4 f6 22. d5 cxd5 23. Bxd5+ Bf7 24. Bg2 h5 25. c5 Rxe1+ 26. Rxe1 h4 27. gxh4 gxh4 28. h3 Kf8 29. Qe3 Re8 30. Qc1 Rxe1+ 31. Qxe1 Qd3 32. Bxb7 Qxh3 33. Qd1 Be6 34. Be4 Kf7 35. b5 Qc3 36. b6 Qxc5 37. b7 Qg5+ 38. Kh1 Qe5 39. Qb1 Bd5 40. f3 Bxe4 41. Qxe4 Qb5 42. Kg1 Qg5+ 43. Kf1 Qb5+ 44. Kf2 Qb2+ 45. Ke1 Qc1+ 46. Ke2 Qb2+ 47. Kd1 Qb3+ 48. Kd2 h3 49. Qb4 Qd5+ 50. Ke2 h2 51. b8=Q h1=Q 52. Q8f8+ Kg6 53. Qg4+ Qg5 54. Qe4+ Qf5 55. Qfe8+ Kg5 56. Qxf5+ Kxf5 57. Qe4+ Kg5 58. f4+ 1-0

[Event "Olympiad Women 2024"]
[Site "Budapest HUN"]
[Date "2024.09.20"]
[Round "9.6"]
[Board "2"]
[White "Ozturk Orenli, Kubra"]
[Black "Song, Yuxin"]
[Result "1/2-1/2"]
[WhiteElo "2262"]
[BlackElo "2373"]
[PlyCount "60"]
[EventDate "2024.09.11"]
[WhiteTeam "Turkiye"]
[BlackTeam "China"]
[BlackTeamCountry "CHN"]

1. d4 Nf6 2. Bf4 e6 3. e3 b6 4. Nf3 Bb7 5. Bd3 Be7 6. h3 O-O 7. Nbd2 c5 8. O-O cxd4 ({RR} 8... d6 9. Re1 cxd4 10. exd4 Nbd7 11. Bh2 Re8 12. a4 a6 13. Bf1 Qc7 14. c4 a5 15. Nb1 Nb8 16. Na3 Na6 17. Rc1 Qd8 18. Nb5 Rc8 19. Bd3 Nb4 20. Bb1 Qd7 21. b3 Red8 22. Qe2 Bf8 23. Red1 {½-½ Borosova,Z (2210)-Kostolansky,S (2415) ch-SVK 2024 Bratislava SVK (6.3)}) 9. exd4 d6 ({RR} 9... Ba6 10. Nc4 Qc8 11. Ne3 Bxd3 12. Qxd3 Nc6 13. c3 d5 14. Rae1 Qb7 15. Ne5 Rac8 16. a3 Rfe8 17. N3g4 Ne4 18. f3 Nf6 19. Nxc6 Qxc6 20. Ne5 Qb7 21. Bg5 Nd7 22. Bxe7 Rxe7 23. f4 Rce8 24. Nxd7 {½-½ Kramnik,V (2777)-Leko,P (2707) EU-Cup 31st Skopje 2015 (7.1)}) 10. Qe2 Nbd7 $146 ({RR} 10... a6 11. c3 Nbd7 12. Bh2 Re8 13. Rfe1 Qc7 14. a4 Bf8 15. Nc4 Qc6 16. Qc2 g6 17. Qb3 Rac8 18. Bf1 Ne4 19. Ne3 Ndf6 20. Red1 Qc7 21. Nc4 Bd5 22. Qxb6 Bxc4 23. Qxc7 Rxc7 24. Bxc4 Rxc4 25. Ne1 {0-1 Leiva Rodriguez,J (2404)-Shaposhnikov,E (2557) Titled Tuesday intern op 7th Febr blitz 2017 (1)}) 11. Ne4 Nxe4 12. Bxe4 Bxe4 13. Qxe4 Nf6 14. Qe2 h6 15. a4 a6 16. c3 Qd7 17. c4 a5 18. b3 Rac8 19. Rfe1 Rfe8 20. Rad1 Qb7 21. Rd3 Bf8 22. Nd2 Kh8 23. Rf3 Qe7 24. Bg3 Rcd8 25. Qe3 Rd7 26. Nb1 Rc8 27. Nd2 Re8 28. Nb1 Rc8 29. Nd2 Re8 30. Nb1 Rc8 1/2-1/2

[Event "Olympiad Women 2024"]
[Site "Budapest HUN"]
[Date "2024.09.20"]
[Round "9.6"]
[Board "3"]
[White "Guo, Qi"]
[Black "Aydin, Gulenay"]
[Result "1/2-1/2"]
[WhiteElo "2367"]
[BlackElo "2202"]
[PlyCount "104"]
[EventDate "2024.09.11"]
[WhiteTeam "China"]
[BlackTeam "Turkiye"]
[WhiteTeamCountry "CHN"]

1. d4 d5 2. c4 e6 3. Nc3 c6 4. e4 dxe4 5. Nxe4 Bb4+ 6. Bd2 Qxd4 7. Bxb4 Qxe4+ 8. Be2 Na6 9. Ba5 b6 10. Qd6 Bd7 11. Bc3 Ne7 ({RR} 11... f6 12. O-O-O O-O-O 13. b3 Qxg2 14. Bf3 Qg5+ 15. Kb2 Qc5 16. Qg3 Ne7 17. Qxg7 Nf5 18. Qxf6 Rhf8 19. Qg5 Qxf2+ 20. Rd2 Qe3 21. Qxe3 Nxe3 22. Rd3 Nf5 23. b4 e5 24. Be4 Nd4 25. Nf3 Bf5 26. Nd2 {0-1 Van Wely,L (2697)-Shirov,A (2715) Amber-rapid 11th 2002 (4)}) 12. Rd1 Rd8 13. Qa3 $146 ({RR} 13. Nf3 c5 14. b3 Nf5 15. Qd3 Qxd3 16. Bxd3 f6 17. g4 Bc6 18. Ke2 Bxf3+ 19. Kxf3 Nd4+ 20. Ke3 e5 21. f4 exf4+ 22. Kxf4 O-O 23. Be4 Ne2+ 24. Kf3 Nxc3 25. Rxd8 Rxd8 26. Bf5 Nc7 27. Rc1 g6 {1-0 Poltorak,S (2372)-Skibbe,W (2189) Titled Tue 2nd Jan Early 2024 (3)}) ({RR} 13. f3 Qg6 14. Kf2 Nf5 15. Qa3 Bc8 16. Rxd8+ Kxd8 17. Nh3 c5 18. Re1 f6 19. b4 cxb4 20. Bxb4 Nxb4 21. Qxb4 Qf7 22. Qa4 Qc7 23. Kg1 Ke7 24. Bd3 Nd4 25. Kh1 Kf7 26. Qa3 e5 27. Nf2 Bf5 {0-1 Walch,I (2054)-Schulz,M (2044) Landesliga Sued 1920 2019 (5.6)}) ({RR} 13. Nf3 c5 14. g4 Nc8 15. Qd2 O-O 16. Rg1 Ne7 17. Ne5 Nb8 18. Kf1 Ng6 19. Bf3 Qf4 20. Nxg6 Qxf3 21. Nxf8 Bb5 22. cxb5 Qxd1+ 23. Qxd1 Rxd1+ 24. Be1 Kxf8 25. Rg3 Ke7 26. Ra3 Rd7 27. g5 Kf8 {1-0 Demir,Z (1841)-Asilkefeli,M (2158) TUR Cup Antalya 2017 (7)}) 13... Nb8 14. Bxg7 Rg8 15. Bf6 c5 16. Qf3 Qxf3 17. Bxf3 Rg6 18. Bc3 Bc6 19. Rxd8+ Kxd8 20. g3 Nf5 21. Bxc6 Nxc6 22. f4 Nd6 23. b3 Ne4 24. Bb2 Rh6 25. Ne2 f5 26. O-O Rg6 27. Nc3 Nxc3 28. Bxc3 Ke7 29. Kf2 Rg8 30. h3 h5 31. Rg1 a6 32. Rc1 Rd8 33. Ke3 Rg8 34. Be1 Nd4 35. b4 h4 36. bxc5 bxc5 37. g4 fxg4 38. Bxh4+ Kd7 39. hxg4 Rxg4 40. Bf2 Rxf4 41. Kxf4 Ne2+ 42. Ke4 Nxc1 43. Bxc5 Kc6 44. Be3 Nxa2 45. Ke5 Nb4 46. Kxe6 Nc2 47. Bd2 Kc5 48. Ke5 Kxc4 49. Ba5 Nb4 50. Ke4 Nc6 51. Bc7 Ne7 52. Bd8 Nc6 1/2-1/2

[Event "Olympiad Women 2024"]
[Site "Budapest HUN"]
[Date "2024.09.20"]
[Round "9.6"]
[Board "4"]
[White "Isgenderova, Hayale"]
[Black "Ni, Shiqun"]
[Result "0-1"]
[WhiteElo "2124"]
[BlackElo "2348"]
[PlyCount "96"]
[EventDate "2024.09.11"]
[WhiteTeam "Turkiye"]
[BlackTeam "China"]
[BlackTeamCountry "CHN"]

1. e4 e5 2. Nf3 Nf6 3. d4 Nxe4 4. Bd3 d5 5. Nxe5 Nd7 6. O-O Nxe5 7. dxe5 Nc5 8. f4 g6 9. Be3 Nxd3 10. Qxd3 c6 11. Nd2 ({RR} 11. Nc3 Bf5 12. Qd2 d4 13. Qxd4 Qxd4 14. Bxd4 Bxc2 15. e6 Rg8 16. Rfe1 Bf5 17. Ne4 Bxe4 18. Rxe4 Bd6 19. Bf6 fxe6 20. Rd1 Bc5+ 21. Kf1 Kf7 22. Bg5 h6 23. Bxh6 Rad8 24. Rxd8 Rxd8 25. Bg5 Rd2 {½-½ Yan,T (2246)-Ni,S (2323) TCh-CHN DivA Regular 2023 (4.4)}) 11... Bf5 12. Qb3 Qd7 13. Nf3 $146 ({RR} 13. Qc3 Bg7 14. a4 O-O 15. a5 f6 16. Bc5 Rf7 17. Nf3 Be4 18. Rae1 Re8 19. exf6 Bxf6 20. Ne5 Bxe5 21. fxe5 Qg4 22. Qd2 Rxe5 23. Rxf7 Kxf7 24. h3 Qg3 25. Bd6 Qg5 26. Qxg5 Rxg5 27. g4 Ke6 {1-0 Madaminov,M (2512)-Nesterov,A (2602) 57th Biel Rapid Open 2024 (5.1)}) ({RR} 13. Qc3 Bg7 14. b4 O-O 15. a4 f6 16. Nf3 Be4 17. Bd4 fxe5 18. Nxe5 Bxe5 19. Bxe5 h6 20. Rf2 Kh7 21. a5 Rf7 22. Bd4 a6 23. h3 g5 24. fxg5 Rxf2 25. Bxf2 hxg5 26. Bc5 Qg7 27. Bd4 Qg8 {1-0 Mishra,A (2634)-Sankalp,G (2532) 7th Sharjah Masters 2024 (9.9)}) ({RR} 13. h3 Be7 14. Rad1 c5 15. Bf2 d4 16. Rfe1 O-O 17. Ne4 {½-½ Ponkratov,P (2589)-Nesterov,A (2558) 76th ch-RUS HL 2023 (3.1)}) 13... Be7 14. Nd4 Be4 15. Rad1 h5 16. Qc3 Rg8 17. b4 Rc8 18. Ne2 h4 19. h3 b6 20. Qd2 Qb7 21. Rb1 Kf8 22. Nc3 Bf5 23. b5 Kg7 24. bxc6 Rxc6 25. Bd4 Rd8 26. Rb2 Qc8 27. Nb5 Rxc2 28. Rxc2 Qxc2 29. Qxc2 Bxc2 30. Nxa7 Bc5 31. Bxc5 bxc5 32. Rc1 Ba4 33. Rxc5 d4 34. e6 d3 35. e7 Re8 36. Rd5 Rxe7 37. Nc8 Re1+ 38. Kf2 Re2+ 39. Kf1 Rb2 40. Ke1 Re2+ 41. Kf1 Rxa2 42. Ke1 Re2+ 43. Kf1 Rc2 44. Nb6 Bc6 45. Rd4 Bxg2+ 46. Ke1 Bxh3 47. Nd5 Bg2 48. f5 Bxd5 0-1

[Event "Olympiad Women 2024"]
[Site "Budapest HUN"]
[Date "2024.09.20"]
[Round "9.7"]
[Board "1"]
[White "Wagner, Dinara"]
[Black "Yao, Lan"]
[Result "1/2-1/2"]
[WhiteElo "2452"]
[BlackElo "2353"]
[PlyCount "70"]
[EventDate "2024.09.11"]
[WhiteTeam "Germany"]
[BlackTeam "England"]
[WhiteTeamCountry "GER"]
[BlackTeamCountry "ENG"]

1. d4 Nf6 2. c4 e6 3. Nc3 Bb4 4. e3 O-O 5. Bd3 d5 6. a3 Bxc3+ 7. bxc3 dxc4 8. Bxc4 c5 9. Nf3 Nc6 10. O-O Qc7 11. Be2 Rd8 12. Qc2 e5 13. Bb2 Bg4 14. h3 Bh5 15. Nxe5 Bxe2 16. Qxe2 Nxe5 17. dxe5 Qxe5 18. c4 Qe6 19. Rfd1 Ne4 20. Rac1 $146 ({RR} 20. Rd3 Rd6 21. Rxd6 Nxd6 22. Rc1 f5 23. Ba1 Re8 24. Qh5 Re7 25. Rd1 Rd7 26. Qh4 Ne4 27. Rxd7 Qxd7 28. Be5 Qe8 29. Qf4 Qe6 30. g4 Nd2 31. gxf5 Qxe5 32. Qg4 Qe4 33. Qg3 Nf3+ 34. Kf1 Qxc4+ {0-1 Sidiropoulos,N (2058)-Kalogerakos,S GRE-chT 40th 2012 (5.12)}) 20... h6 21. f3 Rxd1+ 22. Rxd1 Nd6 23. Rd5 b5 24. Rxc5 bxc4 25. Qd2 Rc8 26. Qd4 f6 27. Kf2 Rxc5 28. Qxc5 Qe4 29. Qxd6 Qc2+ 30. Kg3 Qxb2 31. Qd5+ Kh7 32. Qe4+ Kh8 33. Qe8+ Kh7 34. Qe4+ Kh8 35. Qe8+ Kh7 1/2-1/2

[Event "Olympiad Women 2024"]
[Site "Budapest HUN"]
[Date "2024.09.20"]
[Round "9.7"]
[Board "2"]
[White "Houska, Jovanka"]
[Black "Paehtz, Elisabeth"]
[Result "1/2-1/2"]
[WhiteElo "2333"]
[BlackElo "2455"]
[PlyCount "48"]
[EventDate "2024.09.11"]
[WhiteTeam "England"]
[BlackTeam "Germany"]
[WhiteTeamCountry "ENG"]
[BlackTeamCountry "GER"]

1. d4 Nf6 2. Bg5 e6 3. e4 c5 4. d5 d6 5. Nc3 Be7 6. Bb5+ Kf8 7. dxe6 Bxe6 8. Nf3 a6 9. Be2 Nc6 10. a4 h6 11. Be3 $146 ({RR} 11. Bh4 g5 12. Bg3 Kg7 13. h4 g4 14. Nd2 Ne5 15. h5 Kh7 16. Bxe5 dxe5 17. Bc4 Rg8 18. Qe2 Qb6 19. Bxe6 Qxe6 20. Qc4 Rad8 21. Qxe6 fxe6 22. O-O-O Rd4 23. Nb3 Rb4 24. Kb1 Rg5 25. g3 Kg8 {½-½ Meyer,K (2177)-Buscher,M (2344) BL2-West 1112 2011 (8.7)}) 11... Kg8 12. O-O Kh7 13. Bd3 Ne5 14. Nxe5 dxe5 15. Nd5 Bxd5 16. exd5+ e4 17. Bc4 Bd6 18. f3 Qc7 19. g3 Bxg3 20. hxg3 Qxg3+ 21. Kh1 Qh3+ 22. Kg1 Qg3+ 23. Kh1 Qh3+ 24. Kg1 Qg3+ 1/2-1/2

[Event "Olympiad Women 2024"]
[Site "Budapest HUN"]
[Date "2024.09.20"]
[Round "9.7"]
[Board "3"]
[White "Heinemann, Josefine"]
[Black "Hunt, Harriet V"]
[Result "1-0"]
[WhiteElo "2316"]
[BlackElo "2304"]
[PlyCount "123"]
[EventDate "2024.09.11"]
[WhiteTeam "Germany"]
[BlackTeam "England"]
[WhiteTeamCountry "GER"]
[BlackTeamCountry "ENG"]

1. d4 Nf6 2. c4 e6 3. g3 Bb4+ 4. Bd2 a5 5. Bg2 d5 6. Nf3 O-O 7. O-O Bxd2 8. Nbxd2 Nbd7 9. Qc2 c6 10. e4 dxe4 11. Nxe4 Nxe4 12. Qxe4 Qb6 $146 ({RR} 12... Nf6 13. Qe2 Qc7 14. Rad1 b6 15. Ne5 Bb7 16. Rfe1 Rfd8 17. c5 bxc5 18. dxc5 Rxd1 19. Rxd1 Ba6 20. Qd2 Nd5 21. Bxd5 exd5 22. Nf3 Re8 23. Re1 Rxe1+ 24. Qxe1 Kf8 25. Nd4 Bc8 26. f4 Qa7 27. Qc3 {1-0 Ringel,Z (2231)-Kubos,R (2194) CZE-chT1E 0809 2008 (6.6)}) ({RR} 12... c5 13. Rfd1 Qb6 14. Rd2 cxd4 15. Nxd4 Qb4 16. Qe2 Nc5 17. Nf3 f6 18. Rad1 e5 19. Nh4 Be6 20. Bd5 Bxd5 21. Rxd5 Rac8 22. Nf5 Ne6 23. Rd7 Qxc4 24. Qh5 Kh8 25. Nd6 Qc6 26. Nxc8 Rxc8 27. R7d6 {1-0 Gallana,M (2080)-Gouillart,S (1929) Venice Autumn op 16th 2010 (3.14)}) 13. Qe2 Nf6 14. Rfd1 Rd8 15. Rd3 Qb4 16. Ne5 Nd7 17. Rad1 Qe7 18. h4 f6 19. Nf3 Nb6 20. R3d2 Qb4 21. c5 Nd5 22. a3 Qb3 23. Rd3 Qb5 24. Qc2 a4 25. Bf1 Qa5 26. R3d2 Qc7 27. Bd3 g6 28. Re1 Qf7 29. Rde2 Bd7 30. Nd2 Rdb8 31. Ne4 Qg7 32. Nc3 f5 33. Re5 Rf8 34. Nxa4 g5 35. hxg5 Qxg5 36. Nb6 Nxb6 37. cxb6 Rf6 38. Bc4 Kf7 39. Kg2 Qg4 40. Qd3 Rd8 41. Rh1 Kg7 42. Rh4 Qg6 43. Qe3 Qe8 44. Qf4 Qf8 45. Re1 h6 46. Reh1 Kh7 47. Qc7 Qe7 48. Qxb7 c5 49. d5 e5 50. Qc7 f4 51. Re1 fxg3 52. Bd3+ Kg7 53. fxg3 Rd6 54. Qxc5 Rb8 55. Rh5 Rbxb6 56. b4 Qf6 57. Rhxe5 Rb8 58. Qe3 Kg8 59. Rf1 Qg7 60. Re7 Qb2+ 61. Rf2 Qa1 62. Qf4 1-0

[Event "Olympiad Women 2024"]
[Site "Budapest HUN"]
[Date "2024.09.20"]
[Round "9.7"]
[Board "4"]
[White "Toma, Katarzyna"]
[Black "Klek, Hanna Marie"]
[Result "0-1"]
[WhiteElo "2184"]
[BlackElo "2296"]
[PlyCount "78"]
[EventDate "2024.09.11"]
[WhiteTeam "England"]
[BlackTeam "Germany"]
[WhiteTeamCountry "ENG"]
[BlackTeamCountry "GER"]

1. e4 e5 2. Nf3 Nc6 3. d4 exd4 4. Nxd4 Bc5 5. Nb3 Bb6 6. Nc3 Qf6 7. Qe2 Nge7 8. h4 d6 9. Bg5 Qe6 10. O-O-O h6 ({RR} 10... Bd7 11. Qd2 O-O-O 12. f3 h6 13. Be3 Bxe3 14. Qxe3 Kb8 15. Bb5 f5 16. Qd2 fxe4 17. Rhe1 Qg6 18. Rxe4 a6 19. Bf1 Rhe8 20. Rde1 Nf5 21. Bd3 Rxe4 22. Bxe4 Qg3 23. h5 Re8 24. Nd5 Qg5 25. Qxg5 {½-½ Shankland,S (2709)-Rapport,R (2763) Sinquefield Cup 8th 2021 (6)}) 11. Be3 Bd7 12. Kb1 $146 ({RR} 12. Nb5 O-O-O 13. Bxb6 axb6 14. Rh3 Qf6 15. Rc3 Qxh4 16. g3 Qf6 17. f4 h5 18. Qc4 Bg4 19. Rd2 h4 20. N3d4 hxg3 21. Nxc6 Nxc6 22. Na7+ Kb8 23. Nxc6+ bxc6 24. Qxc6 Qxc3 25. bxc3 Rh1 26. Kb2 Rxf1 {½-½ Tomazini,Z (2371)-Zecevic,D (2240) Hum na Sutli op 8th 2014 (6)}) ({RR} 12. Qd2 O-O-O 13. Bxb6 axb6 14. Bb5 f5 15. Rde1 Rhe8 16. f3 Kb8 17. h5 Qf7 18. Qf4 Rf8 19. exf5 Qxf5 20. Qxf5 Nxf5 21. Bxc6 Bxc6 22. g4 Bxf3 23. gxf5 Bxh1 24. Rxh1 Rxf5 25. Nd4 Re5 26. Kd2 Rf8 {½-½ Hakobyan,A (2612)-Swiercz,D (2640) St Louis Summer A 2023 (7.4)}) ({RR} 12. Bxb6 axb6 13. Nb5 O-O-O 14. Rh3 Qf6 15. Rc3 Kb8 16. g3 g5 17. h5 g4 18. Qc4 Qxf2 19. N3d4 Rhg8 20. Ra3 Rg5 21. Qa4 Na5 22. b4 Nec6 23. bxa5 Nxa5 24. Nb3 Bxb5 25. Bxb5 Nxb3+ 26. Rxb3 Rc5 {1-0 Nemeth,M (2443)-Dudin,G (2485) Vezerkepzo GM Dec 2022 (5.3)}) 12... O-O-O 13. Bxb6 axb6 14. Qd2 f5 15. exf5 Qxf5 16. Bb5 Rhf8 17. f3 Kb8 18. a4 Qg6 19. Qf2 Bf5 20. Nd4 Qf7 21. Nxf5 Nxf5 22. Rhe1 Rde8 23. Nd5 Rxe1 24. Qxe1 Ncd4 25. Bc4 Qd7 26. Qf2 Nc6 27. g3 Nfe7 28. Nxe7 Nxe7 29. Bb5 Qf5 30. Re1 Nd5 31. Qd4 Nf6 32. f4 Qg6 33. Re3 Qf7 34. Ra3 Qe6 35. Re3 Qf7 36. Ra3 Qe6 37. a5 bxa5 38. Qc3 b6 39. Bc6 d5 0-1